Information modeling and relational databases
Information Modeling and Relational Databases, second edition, provides an introduction to ORM (Object-Role Modeling)and much more. In fact, it is the only book to go beyond introductory coverage and provide all of the in-depth instruction you need to transform knowledge from domain experts into a s...
Đã lưu trong:
| 主要作者: | |
|---|---|
| 格式: | 图书 |
| 语言: | Undetermined |
| 出版: |
Burlington, MA
Elsevier/Morgan Kaufman Publishers
2008
|
| 主题: | |
| 标签: |
添加标签
没有标签, 成为第一个标记此记录!
|
| Thư viện lưu trữ: | Trung tâm Học liệu Trường Đại học Cần Thơ |
|---|
| LEADER | 01156nam a2200205Ia 4500 | ||
|---|---|---|---|
| 001 | CTU_158090 | ||
| 008 | 210402s9999 xx 000 0 und d | ||
| 020 | |c 71.24 | ||
| 082 | |a 005.756 | ||
| 082 | |b H195 | ||
| 100 | |a Halpin, T. A. | ||
| 245 | 0 | |a Information modeling and relational databases | |
| 245 | 0 | |c Terry Halpin, Tony Morgan | |
| 260 | |a Burlington, MA | ||
| 260 | |b Elsevier/Morgan Kaufman Publishers | ||
| 260 | |c 2008 | ||
| 520 | |a Information Modeling and Relational Databases, second edition, provides an introduction to ORM (Object-Role Modeling)and much more. In fact, it is the only book to go beyond introductory coverage and provide all of the in-depth instruction you need to transform knowledge from domain experts into a sound database design. This book is intended for anyone with a stake in the accuracy and efficacy of databases: systems analysts, information modelers, database designers and administrators, and programmers. | ||
| 650 | |a Database design,Relational databases,Thiết kế dữ liệu,Mối quan hệ dữ liệu | ||
| 904 | |i Năm | ||
| 980 | |a Trung tâm Học liệu Trường Đại học Cần Thơ | ||